Firefighter Acronyms - Statistics

General Stats
  • This quiz has been taken 493 times
  • The average score is 15 of 33
Answer Stats
Hint Answer % Correct
FD Fire Department
98%
EMT Emergency Medical Technician
74%
EMS Emergency Medical Services
71%
FF Firefighter
69%
Haz-Mat Hazardous Materials
67%
PPE Personal Protective Equipment
67%
DOA Dead On Arrival
66%
SCBA Self-Contained Breathing Apparatus
66%
BLS Basic Life Support
59%
ALS Advanced Life Support
58%
MVA Motor Vehicle Accident
58%
IC Incident Command
55%
BP Blood pressure
52%
SOP Standard Operating Procedure
51%
RIT Rapid Intervention Team
50%
VFD Volunteer Fire Department
47%
GPM Gallons Per Minute
46%
TIC Thermal Imaging Camera
45%
SAR Search And Rescue
39%
LODD Line of Duty Death
38%
MCI Mass Casualty Incident
37%
RIC Rapid Intervention Crew
37%
SOG Standard Operating Guideline
37%
NFPA National Fire Protection Association
35%
IAFF International Association Of Fire Fighters
31%
USAR Urban Search And Rescue
30%
VES Vent Enter Search
26%
PPV Positive pressure Ventilation
25%
CISD Critical Incident Stress Debrief
19%
AFA Automatic Fire Alarm
17%
IDLH Immediately Dangerous to Life and Health
17%
CHAOS Chief Has Arrived On Scene
16%
IFSTA International Fire Service Training Association
9%
No matching quizzes found
Score Distribution
Percent of People with Each Score
Percentile by Number Answered
Your Score History
You have not taken this quiz